| 000 | 01349nam a2200253Ia 4500 | ||
|---|---|---|---|
| 999 |
_c56004 _d56004 |
||
| 001 | 23104 | ||
| 003 | GE_BSU | ||
| 005 | 20230712165205.0 | ||
| 008 | 181216s1985||||ge |||||||||||||| ||geo|| | ||
| 040 | _cGE_BSU | ||
| 041 | _ageo | ||
| 080 | _a821.134.2-31 ს-42 | ||
| 100 |
_aსერვანტეს საავედრა, მიგელ დე _912655 |
||
| 245 |
_aმახვილგონიერი იდალგო დონ კიხოტი ლამანჩელი : _bრომანი წ. 1 / _cთარგმნა ნ. ავალიშვილმა ; რედ. წინასიტყვ. და შენიშვნები ნ. აგიაშვილისა ; რედ. ლ. ქადაგიძე. |
||
| 264 |
_aთბილისი : _bნაკადული, _c1985. |
||
| 300 |
_a552 გვ. ; _c22 სმ. |
||
| 541 | _h5 ლ. 40თ. | ||
| 653 | _aმახვილგონიერი იდალგო დონ კიხოტი ლამანჩელი : წ. 1 | ||
| 653 | _aრომანი | ||
| 700 |
_aავალიშვილი, ნ. _eმთარგმნელი _95257 |
||
| 700 |
_aაგიაშვილი, ნ. _eრედაქტორი _919281 |
||
| 700 |
_aქადაგიძე, ლ. _eრედაქტორი _919282 |
||
| 942 |
_cBK _2udc |
||